A handbook of research for the helping professions /

Bibliographic Details
Main Author: Sutton, Carole
Format: Book
Language:English
Published: London ; New York : Routledge & Kegan Paul, 1987.
Subjects:

MARC

Tag First Indicator Second Indicator Subfields
LEADER 00000cam a22000008a 4500
001 in00000027212
005 20151007055932.0
008 860815s1987 enk b 00110 eng
010 |a  86021961  
020 |a 0710205023 :  |c $7.50 
035 |a (OCoLC)14166839 
035 |9 AAB9686AM 
040 |a DLC  |c DLC  |d m/c  |d TXA  |d UtOrBLW 
049 |a TXAM  |c [A11496253] 
050 0 0 |a HV11  |b .S868 1987 
082 0 |a 361/.0072  |2 19 
100 1 |a Sutton, Carole. 
245 1 2 |a A handbook of research for the helping professions /  |c Carole Sutton. 
263 |a 8704 
264 1 |a London ;  |a New York :  |b Routledge & Kegan Paul,  |c 1987. 
300 |a xviii, 425 pages 
336 |a text  |b txt  |2 rdacontent 
337 |a unmediated  |b n  |2 rdamedia 
338 |a volume  |b nc  |2 rdacarrier 
504 |a Includes bibliographies and index. 
650 0 |a Social service  |x Research. 
999 |a MARS 
999 f f |s c2e85b23-1f0e-3c39-8a79-86f49543a5d9  |i a721c14a-7b03-3172-8ca7-83bd98e6b843  |t 0 
952 f f |p ric  |a Texas A&M University  |b Rellis Campus  |c Joint Library Facility  |d Remote Storage  |t 0  |e HV11 .S868 1987  |h Library of Congress classification  |i unmediated -- volume  |m A14811496253 
998 f f |a HV11 .S868 1987  |t 0  |l Remote Storage